ბათუმის შოთა რუსთაველის სახელმწიფო უნივერსიტეტის ბიბლიოთეკა

რა არის აუტიზმი. (ბიბ.ჩანაწერი № 34905)

000 -LEADER
fixed length control field 00714nam a2200205Ia 4500
001 - CONTROL NUMBER
control field 732
003 - CONTROL NUMBER IDENTIFIER
control field GE_BSU
008 - FIXED-LENGTH DATA ELEMENTS--GENERAL INFORMATION
fixed length control field 181216s||||||||xx |||||||||||||| ||und||
040 ## - CATALOGING SOURCE
Transcribing agency GE_BSU
080 ## - UNIVERSAL DECIMAL CLASSIFICATION NUMBER
Universal Decimal Classification number 616.8:316.3
245 ## - TITLE STATEMENT
Title რა არის აუტიზმი.
245 ## - TITLE STATEMENT
Remainder of title მოკლე სახელმძღვანელო მშობლებისა და პირველადი ჯანდაცვის სისტემის ექიმებისათვის.
260 ## - PUBLICATION, DISTRIBUTION, ETC.
Place of publication, distribution, etc. თბილისი
260 ## - PUBLICATION, DISTRIBUTION, ETC.
Name of publisher, distributor, etc. 2009
260 ## - PUBLICATION, DISTRIBUTION, ETC.
Date of publication, distribution, etc. 12 გვ.
653 ## - INDEX TERM--UNCONTROLLED
Uncontrolled term აუტიზმი;
653 ## - INDEX TERM--UNCONTROLLED
Uncontrolled term სახელმძღვანელო
942 ## - ADDED ENTRY ELEMENTS (KOHA)
Koha item type წიგნი
ეგზემპლარები
Withdrawn status Lost status Damaged status Not for loan Date acquired Barcode Date last seen Price effective from Koha item type
        2018-12-17 1174 2018-12-17 2018-12-17 წიგნი